000
00271nam a2200109Ia 4500
008
190216s9999||||xx |||||||||||||| ||und||
100
_a
Padmanabhan T
245
0
_a
Malayalam-Sakshi
260
_b
Sahithya Pravarthaka Sahakarana Sangam
650
_a
Malayalam
942
_c
BK
999
_c
26352
_d
26352